000 00302nam a22001217a 4500
008 170807b xxu||||| |||| 00| 0 eng d
041 _aeng
080 _a004
100 _a33
101 _aSHKI
245 _aEXPERIMENTAL AND OPERATIONAL EAST-WEST COMPUTER CONNECTIONS
_cSEBESTYEN, I
942 _2udc
_cBK
999 _c22787
_d22787